000 00335nam a2200145Ia 4500
100 _aMacLennan Jamie/ Tang/Zhao Hui
942 _cBK
366 _f25
654 _awireless
245 _aDatamining with Microsoft SQL server 2008
260 _bWiley India
_c2009
082 _bMAC
300 _a636
546 _aENGLISH
_celectronics
999 _c23434
_d23434